| 000 | 00583nam a2200193 i 4500 | ||
|---|---|---|---|
| 001 | 101302 | ||
| 003 | ES-MaACL | ||
| 005 | 20250829062544.0 | ||
| 007 | t| | ||
| 008 | 051017s1944 sp ||||1| spa d | ||
| 100 | 1 |
_aMaurois, André, _d1885-1967 _979267 |
|
| 245 | 1 | 0 |
_aMemorias / _cAndré Maurois, [seud.] de Emile Herzog. |
| 260 |
_aBarcelona : _bAymá, _c1944. |
||
| 300 |
_a395 p. ; _c22 cm. |
||
| 490 | 1 | _aColección Hombres, épocas, países | |
| 830 | 0 |
_aColección Hombres, épocas, países _9232472 |
|
| 852 |
_aES-MaACL _jF-16226 _bR.21159 |
||
| 999 |
_c101302 _d101302 |
||